Modelo para la administración eficiente de los recursos en los procesos de industrialización de madera

Guardat en:
Dades bibliogràfiques
Autor principal: Avila Lopez, Warner
Altres autors: Chango Chan, José Alfredo
Format: Llibre
Idioma:Spanish
Publicat: [San José, Costa Rica] 2010
Matèries:
Etiquetes: Afegir etiqueta
Sense etiquetes, Sigues el primer a etiquetar aquest registre!

MARC

LEADER 00000nam a2200000Ia 4500
003 010219
005 20221231144032.0
008 140114s2010 cr a 000 0 spa d
040 |c cru CEDI  
090 |a TFG 6273 
100 |a Avila Lopez, Warner  |9 2793 
245 |a Modelo para la administración eficiente de los recursos en los procesos de industrialización de madera  
260 |c 2010  |b [San José, Costa Rica] 
500 |a Proyecto de graduación (licenciatura en ingeniería industrial)--Universidad de Costa Rica. Facultad de Ingeniería. Escuela de Ingeniería Industrial 
650 |x ADMINISTRACION DE LA PRODUCCION   |x PLANIFICACION DE LA PRODUCCION  |x PUERTAS DE MADERA  |x PRODUCCION   |x COSTOS DE OPERACION   |x INDUSTRIA DE LA MADERA  |x  INGENIERÍA INDUSTRIAL  |x PROCESOS DE MANUFACTURA  |9 2795 
700 |9 2794  |a Chango Chan, José Alfredo 
942 |c TFG 
999 |c 15931  |d 15931